Statistiques concernant Noël par lettre - N

Cliquez ici pour prendre le quiz!

Statistiques générales

  • Ce quiz a été pris 204 fois
  • Le résultat moyen est 8 sur 10

Statistiques - réponses

IndiceRéponse% Correct
Elle tombe bien souvent en période hivernaleNeige
98%
Celui du renne Rudolph est rouge, celui d'un
bonhomme de neige est souvent une carotte
Nez
96%
Pays scandinave parfois considéré comme
lieu de résidence du Père Noël
Norvège
95%
Moment de la journée associé à NoëlNuit
93%
Fruit à coque faisant partie des 13
desserts dans la tradition provençale
Noix
89%
Prénom du Saint ayant inspiré le Père NoëlNicolas
88%
Sucrerie emblématique de Montélimar
faisant également partie des 13 desserts
Nougat
83%
Ville de résidence de la famille de JésusNazareth
79%
Petit renne donnant son nom à un film
d'animation noëlesque sorti en 2008
Niko
33%
Lutin protecteur des maisons apportant leurs
cadeaux aux enfants des pays scandinaves
Nisse
4%

Distribution des résultats

Percentile par nombre de réponses

% des personnes avec chaque résultat

Votre développement - résultats

Vous n’avez pas pris ce quiz